Orchard Trading Estate Management Ltd v Johnson Security Ltd (Record no. 70441)
[ view plain ]
| 000 -LEADER | |
|---|---|
| fixed length control field | 01866cam a2200217 4500 |
| 001 - CONTROL NUMBER | |
| control field | ABS65561 |
| 008 - FIXED-LENGTH DATA ELEMENTS--GENERAL INFORMATION | |
| fixed length control field | 020610n2002 000 0 eng u |
| 035 ## - SYSTEM CONTROL NUMBER | |
| System control number | (Sirsi) u118345 |
| 245 ## - TITLE STATEMENT | |
| Title | Orchard Trading Estate Management Ltd v Johnson Security Ltd |
| 260 ## - PUBLICATION, DISTRIBUTION, ETC. | |
| Date of publication, distribution, etc. | 2002 |
| 490 ## - SERIES STATEMENT | |
| Series statement | Estates Gazette |
| Volume/sequential designation | [2002] 18 EG 155-159(5) |
| 520 ## - SUMMARY, ETC. | |
| Summary, etc. | CA 26 March 2002. Claimant (O) had been formed to administer the estate and provide certain services to unit owners for a service charge in the form of a nominal and a variable rentcharge under a deed. O had to pay for alternative disposal after a breakdown of the sewerage system and sought to recover expenses under the rentcharge provisions. Defendant (J), a unit owner, pleaded inter alia that the rentcharge purportedly created under the deed was void by reason of the Rentcharges Act 1977 s2J appealed against the judge's striking out of the pleadings, contending that the payment of rates in respect of such areas as sewerage works would be of benefit to the unit owners and there was no limit of reasonableness as to the level of charge. "Held" appeal dismissed. Payment of rates in respect of such areas would be for the benefit of the unit owners and were within s2(4b) of the 1977 Act. Further that the absence of an express limitation of reasonableness cannot render the rentcharge void. Full judgement available on Court Service website http:////www.courtservice.gov.uk/View.do?id=1103&searchTerm=Orchard&ascending=false&index=0&maxIndex=1 |
| 590 ## - LOCAL NOTE (RLIN) | |
| Local note | ABS |
| 650 ## - SUBJECT ADDED ENTRY--TOPICAL TERM | |
| Topical term or geographic name entry element | RENTCHARGES |
| 650 ## - SUBJECT ADDED ENTRY--TOPICAL TERM | |
| Topical term or geographic name entry element | RENTCHARGES ACT 1977 S2 |
| 650 ## - SUBJECT ADDED ENTRY--TOPICAL TERM | |
| Topical term or geographic name entry element | SERVICE CHARGES |
| 650 ## - SUBJECT ADDED ENTRY--TOPICAL TERM | |
| Topical term or geographic name entry element | ORCHARD TRADING ESTATE MANAGEMENT V JOHNSON SECURITY LTD |
| 690 ## - LOCAL SUBJECT ADDED ENTRY--TOPICAL TERM (OCLC, RLIN) | |
| Topical term or geographic name as entry element | PROPERTY AND LAND LAW-CASE LAW |
| 856 ## - ELECTRONIC LOCATION AND ACCESS | |
| Uniform Resource Identifier | <a href="https://www.courtservice.gov.uk/View.do?id=1103&searchTerm=Orchard&ascending=false&index=0&maxIndex=1">https://www.courtservice.gov.uk/View.do?id=1103&searchTerm=Orchard&ascending=false&index=0&maxIndex=1</a> |
| 942 ## - ADDED ENTRY ELEMENTS (KOHA) | |
| Suppress in OPAC | 0 |
| Withdrawn status | Lost status | Source of classification or shelving scheme | Damaged status | Not for loan | Home library | Current library | Shelving location | Date acquired | Total Checkouts | Full call number | Barcode | Date last seen | Copy number | Price effective from | Koha item type |
|---|---|---|---|---|---|---|---|---|---|---|---|---|---|---|---|
| Dewey Decimal Classification | London | London | Journal article | 10/06/2002 | ABS65561 | 118345-1001 | 06/08/2019 | 1 | 06/08/2019 | Law report |